000 00237nam a2200097Ia 4500
001 715367
005 20250826162923.0
008 250824s9999 xx 000 0 und d
245 0 _aDÜNYA NÖBETİ
_cALEV ALATLI
260 _bEVEREST YAYINLARI
999 _c715367
_d715367